000 00293nam a22001337a 4500
008 171018b xxu||||| |||| 00| 0 eng d
020 _a9780538724661
041 _aeng
080 _27 ED
_a338
100 _a53
101 _aMEN
245 _aRECORDS MANAGEMENT
_cSMITH.G
942 _2udc
_cBK
999 _c34775
_d34775